Name the Country..... (part 1) - Statistics

General Stats
  • This quiz has been taken 34 times
  • The average score is 7 of 11
Answer Stats
Hint Answer % Correct
that is home to 100m world record holder Usain Bolt Jamaica
100%
that takes up 48% of South America by land mass Brazil
97%
that split from India in 1947 Pakistan
93%
that is partnered with the USA in the Anglo-American alliance United Kingdom
90%
that has the largest GDP in 2024 USA
90%
that has the languages Igbo, Yoruba and Hausa Nigeria
69%
that is home to legendary football player "Johan cruyff" Netherlands
66%
that achieved independence in 1971 Bangladesh
52%
that has the smallest land mass in mainland Africa Gambia
48%
that is known for the "epic of manas" Kyrgyzstan
17%
that is home to the "Salt mine" Poland
17%
No matching quizzes found
Score Distribution
Percent of People with Each Score
Percentile by Number Answered
Your Score History
You have not taken this quiz